Viagens no Brasil : principalmente nas provincias do norte e nos distritos do ouro e do diamante durante os anos de 1836-1841 /

Bibliographic Details
Main Author: Gardner, George, 1812-1849
Other Authors: Pinheiro, Albertino
Format: Book
Language:Portuguese
English
Published: São Paulo [etc.] : Companhia editora nacional, 1942.
Series:Biblioteca pedagógica brasileira. Brasiliana ; vol. 223.
Subjects:

MARC

Tag First Indicator Second Indicator Subfields
LEADER 00000cam a2200000 4500
001 in00003440586
005 20151206103223.0
008 770806s1942 bl 00000 por
010 |a  43017967  
035 |a (OCoLC)ocm03165421 
040 |a DLC  |c TJC  |d TNY  |d UtOrBLW 
041 1 |a por  |a eng 
082 0 |a 918.1 
090 |a F2513  |b .G224 
100 1 |a Gardner, George,  |d 1812-1849. 
245 1 0 |a Viagens no Brasil :  |b principalmente nas provincias do norte e nos distritos do ouro e do diamante durante os anos de 1836-1841 /  |c George Gardner ; tradução de Albertino Pinheiro. 
264 1 |a São Paulo [etc.] :  |b Companhia editora nacional,  |c 1942. 
300 |a 467 pages ;  |c 19 cm. 
336 |a text  |b txt  |2 rdacontent 
337 |a unmediated  |b n  |2 rdamedia 
338 |a volume  |b nc  |2 rdacarrier 
490 1 |a Biblioteca pedagogica brasileira. Serie 5a, Brasiliana ;  |v vol. 223 
651 0 |a Brazil  |x Description and travel. 
650 0 |a Mines and mineral resources  |z Brazil. 
700 1 |a Pinheiro, Albertino. 
830 0 |a Biblioteca pedagógica brasileira.  |n Série 5a.,  |p Brasiliana ;  |v vol. 223. 
999 |a MARS 
999 f f |s 07bf87c4-a326-3812-93ba-a3fba1d4bec7  |i a8dbdaca-a9a8-349c-ab6f-ce6933ccd723  |t 0 
952 f f |p ric  |a Texas A&M University  |b Rellis Campus  |c Joint Library Facility  |d Remote Storage  |t 0  |e F2513 .G224  |h Library of Congress classification  |i unmediated -- volume  |m 32060002326896 
998 f f |a F2513 .G224  |t 0  |l Remote Storage